00378 a2200097 4500245020500000100001400205700001800219700001700237260000900254300001700263 aHormones and Cell Regulation = Hormones et régulation cellulaire 2 Procedings of the 12 th I.N.S.E.R.M. European Symposium on Hormones and Cell Regulation, held at Mont Sainte - Odile, october 1987  aNunez, J. aDumont, J. E. aCarafoli, E. c1987 aXVIII-237 p.